000 01059nam a22002531i 4500
003 SA-RiAUC
005 20241104125053.0
008 241104s2007____su g 00010 ara c
040 _aSA-RiIMS
_bara
_cSA-RiAUC
_erda
082 0 4 _a251
090 _a251
_b م ح ل
100 1 _aالمحلاوي، محمد عبد الرحمن عيد،
_d1280-1341 هجري
_eمؤلف.
245 1 0 _aتسهيل الوصول إلى علم الأصول /
_cتأليف محمد عبد الرحمن عيد المحلاوي ؛ حققه وقدم له شعبان محمد إسماعيل.
250 _aالطبعة الأولى.
264 1 _aمكة المكرمة :
_bالمكتبة المكية،
_c2007
300 _a2 مجلد ؛
_c24 سم
336 _aنص
_btxt
_2rdacontent
_3كتاب
337 _aبدون وسيط
_bn
_2rdamedia
338 _aمجلد
_bnc
_2rdacarrier
650 7 _aأصول الفقه الإسلامي
_2aucsh
700 1 _aإسماعيل، شعبان محمد،
_d1939-
_eمحقق.
942 _2ddc
_cBOOK
_n0
949 _aSA-JeALM
_d241104
_ueid123
_n1
999 _c2037
_d2037